1881 1095 1772 1155 1414 1287 1528 1385 1187 1785 1691 1673 1651 1591 1038 1338 1711 1183 1833 1814 1480 1563 1846 1457 1907 1983 1258 1647 1255 1692 1223 1213 1464 1417 1736 1543 1333 1224 1053 1211 1923 1556 1849 1090 1441 1397 1814 1599 1007 1574 1248 1960 1222 1759 1866 1236 1163 1969 1996 1116 1843 1100 1124 1934 1716 1876 1625 1544 1019 1124 1272 1673 1153 1448 1702 1585 1078 1200 1385 1335 1641 1063 1045 1113 1911 1951 1598 1619 1266 1899 1632 1512 1169 1914 1847 1655 1459 1754 1326 BCNSPRNW ULIB Ver.6.0+V

เปลี่ยนเป็นภาษาไทย

Change to English
 แสดงรายละเอียดบรรณานุกรม
  กลับหน้าหลัก

Brief Record : Get Marc (ISO 2709) : E-mail record : QR code < ปิดหน้าต่าง
LEADER : 00000nam 2200000uu 4500
001    13399122540
003     ULIB
008    130726s2554||||th 000 0 tha d
020    ^a9786162351235
050 04 ^aBQ5345.ส63^bค111พ
110    ^aคณะกรรมการฝ่ายประมวลเอกสารและจดหมายเหตุ
245    ^aพระธรรมเทศนามงคลวิเสสกถา พระราชพิธีเฉลิมพระชนมพรรษา พระบาทสมเด็จพระปรมินทรมหาภูมิพลอดุลยเดชพุทธศักราช 2489-2554/^cคณะกรรมการฝ่ายประมวลเอกสารและจดหมายเหตุ
260    ^aกรุงเทพฯ :^bสำนักงานเสริมสร้างเอกลักษณ์ของชาติ,^c2554
650    ^aธรรมเทศนา
945    ^p0^l0^i19990
999    ^aทศพร เกษรทอง
รายการนี้ยังไม่มีแท็ก
คุณยังไม่ได้ล็อกอิน คุณสามารถมีกิจกรรมร่วมกับเว็บไซต์ได้ แต่ต้องล็อกอินก่อน ::
  ล็อกอิน

รายการสื่อสารสนเทศ

ลำดับที่ ประเภท เลขเรียก/บาร์โค้ด สถานที่ สถานะ
1. การศึกษาทั่วไป
การศึกษาทั่วไป
BQ5345.ส63 ค111พ ฉ.1 
  Barcode: 19990
ห้องสมุดวิทยาเขตสวรรค์ประชารักษ์
►หนังสือทั่วไป
บนชั้น

รายการใกล้เคียง
    หัวเรื่อง [ธรรมเทศนา]

BibComment


ยังไม่เคยถูกคอมเมนท์

คอมเมนท์ทรัพยากรรายการนี้
  คอมเมนท์: พระธรรมเทศนามงคล..


 Copyright 2026. Bcnsprnw @Library